España Hoy | Voc 2 - Statistiken

Allgemein
  • Dieses Quiz wurde 13 mal gespielt
    11 seit der letzten Aktualisierung
  • Das Durchschnittsergebnis liegt bei 17 aus 60
Antwortstatistiken
Alemán Español % Korrekt
Politiker/-in el político, la política
100%
Artikel el artículo
67%
Volk el pueblo
67%
Politik la política
67%
demokratisch democrático/-a
50%
Kongress el congreso
50%
Recht el derecho
50%
die Herausforderung el desafío
50%
etw./jmdn wählen elegir algo/ a alguien
50%
Regierung el gobierno
50%
die Regierung el gobierno
50%
Einwohner/-in el/la habitante
50%
Parlament el parlamento
50%
Senat el senado
50%
Flagge la bandera
50%
Hauptstadt la capital
50%
Krone, Königreich la Corona
50%
Wahl la elección
50%
Bevölkerung la población
50%
Gesellschaft la sociedad
50%
Menschenrechte los derechos humanos
50%
jmdn./etw. verteidigen defender algo/ a alguien
33%
Wähler/-in el/la votante
33%
König/-in el rey, la reina
33%
Wählerstimme el voto
33%
unterzeichnen firmar
33%
königliche Familie la familia real
33%
repräsentative Funktion la función representativa
33%
ein Gesetz verabschieden aprobar una ley
17%
jdm/etw. wiedersprechen contradecir algo/ a alguien
17%
jmdn.(zum König) krönen coronar (rey) a alguien
17%
Rechtsstaat el Estado de derecho
17%
Minderheitsregierung el gobierno minoritario
17%
das Gewächshaus el invernadero
17%
Staatschef/-in, Staatsoberhaupt el/la jefe/a de Estado
17%
Regierungschef/-in el/la jefe/a de gobierno
17%
Exekutive el poder ejecutivo
17%
Judikative el poder judicial
17%
Legislative el poder legislativo
17%
Thronfolger/-in el sucesor/ la sucesora al trono
17%
an der Macht sein estar en el poder
17%
Parlamentarische Monarchie la monarquía parlamentaria
17%
Innen-/ Außenpolitik la política interior/exterior
17%
Neuwahlen las reelecciones
17%
sich abwechseln alternarse en
0%
sich an der Macht abwechseln alternarse en el poder
0%
etw anwenden aplicar algo
0%
sich gegenseitig kontrollieren controlarse mutuamente
0%
ein Recht ausüben ejercer un derecho
0%
die Angelegenheit el asunto
0%
(Staats-)Bürger/-in el ciudadano, la ciudadana
0%
die Gruppe el colectivo
0%
Abgeordnete/-r el diputado, la diputada
0%
der Waldbrand el incendio forestal
0%
die Gemeinde el municipio
0%
festlegen establecer
0%
die Versammlung la asamblea
0%
die Verfassung la Constitucón
0%
Gewaltenteilung la división de poderes
0%
Konstitutionelle Monarchie la monarquía constitucional
0%
Keine übereinstimmenden Quizze gefunden
Verteilung der Resultate
Anzahl Personen mit jedem Resultat
Perzentil nach korrekt beantworteten Fragen
Ihre Resultats-Entwicklung
Sie haben dieses Quiz seit der letzten Aktualisierung nicht gespielt